000 00545nam a2200205Ia 4500
005 20250522104526.0
008 008 250516s9999 xx 000 0 eng d
020 _a9780190077563
040 _aSDCL
_beng
_cSDCL
041 _aeng
_2eng
084 _aY72.2'P, R4
_qSDCL
100 _aPevar, Stephen L.
_9752476
245 0 _aRights of Indians and tribes
250 _a5th ed.
260 _aNew York:
_bOxford University Press,
_c2024.
300 _axii,539p.
365 _aUSD
_b29.95
650 _aPolitical Science
942 _cTEXL
999 _c1430640
_d1430640